[Event "World Chess Olympiad 2018"]
[Site "Batumi"]
[Date "2018.10.04"]
[Round "10"]
[Board "2"]
[WhiteFideId "15900037"]
[White "Pesqueira Jose"]
[BlackFideId "15400344"]
[Black "Ieong Seak Hin"]
[Result "0-1"]
[LiveChessVersion "1.4.8"]
[BlackElo "1825"]
[WhiteElo "1801"]

1. e4 {[%clk 1:30:55]} e5 {[%clk 1:30:45]} 2. Nf3 {[%clk 1:31:17]} Nc6
{[%clk 1:31:10]} 3. Bb5 {[%clk 1:31:29]} a6 {[%clk 1:31:36]} 4. Ba4
{[%clk 1:31:54]} Nf6 {[%clk 1:32:01]} 5. d3 {[%clk 1:32:01]} d6 {[%clk 1:32:25]}
6. c3 {[%clk 1:32:04]} Be7 {[%clk 1:32:45]} 7. O-O {[%clk 1:32:09]} b5
{[%clk 1:33:07]} 8. Bc2 {[%clk 1:32:06]} O-O {[%clk 1:33:32]} 9. Re1
{[%clk 1:31:26]} Nb8 {[%clk 1:28:44]} 10. a4 {[%clk 1:28:59]} Bb7
{[%clk 1:29:00]} 11. Nbd2 {[%clk 1:23:08]} c5 {[%clk 1:28:08]} 12. Nf1
{[%clk 1:19:28]} Nc6 {[%clk 1:27:04]} 13. Ng3 {[%clk 1:16:08]} g6
{[%clk 1:26:41]} 14. Bh6 {[%clk 1:10:55]} Re8 {[%clk 1:27:05]} 15. h3
{[%clk 1:04:51]} Bf8 {[%clk 1:27:11]} 16. Qd2 {[%clk 1:04:38]} Bg7
{[%clk 1:27:16]} 17. Bxg7 {[%clk 0:42:05]} Kxg7 {[%clk 1:27:41]} 18. d4
{[%clk 0:42:28]} Qb6 {[%clk 1:02:43]} 19. axb5 {[%clk 0:27:46]} axb5
{[%clk 1:02:57]} 20. dxc5 {[%clk 0:27:31]} dxc5 {[%clk 1:02:30]} 21. b4
{[%clk 0:19:36]} cxb4 {[%clk 0:59:35]} 22. cxb4 {[%clk 0:20:03]} Red8
{[%clk 0:57:37]} 23. Qc3 {[%clk 0:19:40]} Rac8 {[%clk 0:55:50]} 24. Qc5
{[%clk 0:14:13]} Qxc5 {[%clk 0:50:44]} 25. bxc5 {[%clk 0:14:39]} Nd4
{[%clk 0:50:54]} 26. Nxd4 {[%clk 0:07:19]} Rxd4 {[%clk 0:51:19]} 27. Ra7
{[%clk 0:07:07]} Rd7 {[%clk 0:48:08]} 28. Rd1 {[%clk 0:05:48]} Re7
{[%clk 0:44:38]} 29. Rb1 {[%clk 0:02:22]} Rxc5 {[%clk 0:36:52]} 30. Bd3
{[%clk 0:02:50]} Rec7 {[%clk 0:36:53]} 31. Rxb5 {[%clk 0:02:04]} Rxb5
{[%clk 0:37:16]} 32. Bxb5 {[%clk 0:02:30]} Rc1+ {[%clk 0:37:40]} 33. Kh2
{[%clk 0:02:27]} Bxe4 {[%clk 0:37:43]} 34. Nxe4 {[%clk 0:02:41]} Nxe4
{[%clk 0:38:07]} 35. f3 {[%clk 0:01:49]} Nd6 {[%clk 0:37:58]} 36. Bd3
{[%clk 0:01:30]} Rc3 {[%clk 0:36:51]} 37. Bb1 {[%clk 0:01:28]} Rb3
{[%clk 0:37:18]} 38. Ba2 Rb7 {[%clk 0:37:42]} 39. Ra6 {[%clk 0:00:54]} Nf5
{[%clk 0:36:40]} 40. Bd5 {[%clk 0:31:17]} Rd7 {[%clk 1:06:26]} 41. Be4
{[%clk 0:28:55]} Ne3 {[%clk 1:05:36]} 42. Ra2 {[%clk 0:19:03]} f5
{[%clk 1:04:24]} 43. Bc6 {[%clk 0:18:59]} Rd1 {[%clk 1:04:24]} 44. Bb5
{[%clk 0:18:21]} Rb1 {[%clk 1:03:11]} 45. Bd3 {[%clk 0:17:01]} Rd1
{[%clk 1:03:10]} 46. Bb5 {[%clk 0:17:03]} Rc1 {[%clk 1:02:28]} 47. h4
{[%clk 0:17:04]} Rc2 {[%clk 1:01:29]} 48. Rxc2 {[%clk 0:17:20]} Nxc2
{[%clk 1:01:54]} 49. Bc6 {[%clk 0:16:59]} Nd4 {[%clk 1:01:51]} 50. Bd5
{[%clk 0:17:01]} Ne2 {[%clk 1:00:16]} 51. g3 {[%clk 0:16:41]} Kf6
{[%clk 0:59:41]} 52. Bc4 {[%clk 0:14:51]} Nd4 {[%clk 0:58:43]} 53. Kg2
{[%clk 0:15:12]} f4 {[%clk 0:38:15]} 54. gxf4 {[%clk 0:14:14]} exf4
{[%clk 0:38:43]} 55. Bd5 {[%clk 0:12:43]} h6 {[%clk 0:38:12]} 56. Be4
{[%clk 0:13:00]} Ne2 {[%clk 0:38:03]} 57. Bc6 {[%clk 0:11:41]} Ng3
{[%clk 0:36:06]} 58. Bd5 {[%clk 0:11:31]} Nf5 {[%clk 0:17:34]} 59. Kh3
{[%clk 0:11:59]} Ne3 {[%clk 0:17:50]} 60. Be4 {[%clk 0:11:37]} g5
{[%clk 0:14:14]} 61. hxg5+ {[%clk 0:12:05]} hxg5 {[%clk 0:14:21]} 62. Bb7
{[%clk 0:12:00]} Ke5 {[%clk 0:14:28]} 63. Kh2 {[%clk 0:12:18]} Kd4
{[%clk 0:14:16]} 64. Kg1 {[%clk 0:12:25]} Nd1 {[%clk 0:14:00]} 65. Kg2
{[%clk 0:11:40]} Ke3 {[%clk 0:14:23]} 66. Bc8 {[%clk 0:10:27]} Nf2
{[%clk 0:14:28]} 67. Bd7 {[%clk 0:07:44]} Nd3 {[%clk 0:14:29]} 68. Bc6
{[%clk 0:03:35]} Ne1+ {[%clk 0:14:50]} 69. Kh3 Nxf3 {[%clk 0:17:02]} 70. Kg2
{[%clk 0:02:27]} Ne5 {[%clk 0:17:17]} 71. Bb7 {[%clk 0:02:45]} g4
{[%clk 0:17:02]} 72. Bc8 {[%clk 0:02:49]} g3 {[%clk 0:16:25]} 73. Bb7
{[%clk 0:03:11]} Nd3 {[%clk 0:15:14]} 74. Bc6 {[%clk 0:03:27]} Ne1+
{[%clk 0:15:06]} 75. Kf1 {[%clk 0:03:51]} g2+ {[%clk 0:12:41]} 76. Bxg2
{[%clk 0:03:50]} Nxg2 {[%clk 0:13:05]} 77. Kxg2 {[%clk 0:04:11]} Ke2
{[%clk 0:13:32]} 0-1

[Event "World Chess Olympiad 2018"]
[Site "Batumi"]
[Date "2018.10.04"]
[Round "10"]
[Board "3"]
[WhiteFideId "15400166"]
[White "Mak Tong Kuan"]
[BlackFideId "15900509"]
[Black "Diaz Brian"]
[Result "0-1"]
[LiveChessVersion "1.4.8"]
[BlackElo "1737"]
[WhiteElo "1840"]

1. c4 {[%clk 1:30:51]} f5 {[%clk 1:30:57]} 2. d4 {[%clk 1:31:02]} Nf6
{[%clk 1:31:09]} 3. Nf3 {[%clk 1:31:05]} g6 {[%clk 1:31:27]} 4. g3
{[%clk 1:30:51]} Bg7 {[%clk 1:31:52]} 5. Bg2 {[%clk 1:31:12]} d6 {[%clk 1:32:03]}
6. O-O {[%clk 1:31:03]} O-O {[%clk 1:32:28]} 7. Nc3 {[%clk 1:30:26]} c6
{[%clk 1:32:10]} 8. Qc2 {[%clk 1:07:41]} Qc7 {[%clk 1:22:58]} 9. b3
{[%clk 0:55:21]} Na6 {[%clk 1:20:19]} 10. Rd1 {[%clk 0:40:07]} e5
{[%clk 1:19:51]} 11. dxe5 {[%clk 0:39:27]} dxe5 {[%clk 1:20:14]} 12. Ba3
{[%clk 0:25:08]} c5 {[%clk 1:15:04]} 13. Nb5 {[%clk 0:13:03]} Qe7
{[%clk 1:13:37]} 14. Bb2 {[%clk 0:10:44]} Nb4 {[%clk 1:07:43]} 15. Qc1
{[%clk 0:10:36]} Ne4 {[%clk 1:07:44]} 16. Nc3 {[%clk 0:08:56]} Nxc3
{[%clk 0:58:41]} 17. Bxc3 {[%clk 0:08:55]} Nc6 {[%clk 0:58:51]} 18. Qb2
{[%clk 0:05:50]} e4 {[%clk 0:53:24]} 19. Bxg7 {[%clk 0:05:54]} Qxg7
{[%clk 0:53:47]} 20. Qxg7+ {[%clk 0:06:19]} Kxg7 {[%clk 0:54:14]} 21. Ne1
{[%clk 0:03:24]} Be6 {[%clk 0:48:43]} 22. f3 {[%clk 0:03:08]} exf3
{[%clk 0:46:59]} 23. exf3 {[%clk 0:03:16]} f4 {[%clk 0:47:07]} 24. Nd3
{[%clk 0:03:32]} fxg3 {[%clk 0:40:49]} 25. hxg3 {[%clk 0:03:58]} b6
{[%clk 0:33:48]} 26. f4 {[%clk 0:04:02]} Rac8 {[%clk 0:33:17]} 27. Bxc6
{[%clk 0:04:24]} Rxc6 {[%clk 0:33:44]} 28. Ne5 {[%clk 0:04:43]} Rc7
{[%clk 0:33:09]} 29. Rd6 {[%clk 0:04:42]} Bc8 {[%clk 0:31:50]} 30. Rad1
{[%clk 0:03:46]} g5 {[%clk 0:24:53]} 31. fxg5 {[%clk 0:02:06]} Rf5
{[%clk 0:20:23]} 32. Nd3 {[%clk 0:02:07]} Rxg5 {[%clk 0:20:17]} 33. Kf2
{[%clk 0:02:23]} Rh5 {[%clk 0:17:09]} 34. Ke3 {[%clk 0:00:38]} Re7+
{[%clk 0:15:46]} 35. Kf4 {[%clk 0:00:37]} Rf5+ {[%clk 0:15:47]} 0-1

[Event "World Chess Olympiad 2018"]
[Site "Batumi"]
[Date "2018.10.04"]
[Round "10"]
[Board "4"]
[WhiteFideId "15900762"]
[White "Stetsenko Ilya"]
[BlackFideId "15400212"]
[Black "Celis Joel"]
[Result "0-1"]
[LiveChessVersion "1.4.8"]
[BlackElo "1840"]
[WhiteElo "1441"]

1. d4 {[%clk 1:30:59]} Nf6 {[%clk 1:30:43]} 2. Nf3 {[%clk 1:31:24]} e6
{[%clk 1:30:42]} 3. c4 {[%clk 1:31:45]} b6 {[%clk 1:30:55]} 4. a3
{[%clk 1:32:03]} Bb7 {[%clk 1:31:14]} 5. Nc3 {[%clk 1:32:27]} d5 {[%clk 1:30:57]}
6. Bg5 {[%clk 1:32:48]} Be7 {[%clk 1:29:23]} 7. Qa4+ {[%clk 1:33:06]} Bc6
{[%clk 1:23:42]} 8. Qc2 {[%clk 1:31:47]} Ne4 {[%clk 1:17:57]} 9. Bxe7
{[%clk 1:18:31]} Qxe7 {[%clk 1:18:13]} 10. cxd5 {[%clk 1:17:30]} exd5
{[%clk 1:16:40]} 11. Ne5 {[%clk 1:09:44]} Bb7 {[%clk 0:56:39]} 12. Nxe4
{[%clk 1:02:51]} dxe4 {[%clk 0:56:54]} 13. Rc1 {[%clk 1:01:35]} c6
{[%clk 0:49:20]} 14. e3 {[%clk 0:59:21]} f6 {[%clk 0:46:42]} 15. Nc4
{[%clk 0:31:31]} O-O {[%clk 0:46:47]} 16. Nd2 {[%clk 0:30:12]} f5
{[%clk 0:45:25]} 17. Bc4+ {[%clk 0:30:21]} Kh8 {[%clk 0:45:44]} 18. O-O
{[%clk 0:27:41]} Nd7 {[%clk 0:44:09]} 19. Be2 {[%clk 0:16:03]} Nf6
{[%clk 0:39:53]} 20. Nc4 {[%clk 0:13:07]} Rac8 {[%clk 0:27:09]} 21. b4
{[%clk 0:03:32]} Nd5 {[%clk 0:23:21]} 22. Ne5 {[%clk 0:02:04]} Qg5
{[%clk 0:14:38]} 23. Bc4 {[%clk 0:01:26]} f4 {[%clk 0:08:32]} 24. exf4
{[%clk 0:00:42]} Nxf4 {[%clk 0:07:25]} 25. Qxe4 {[%clk 0:00:42]} Nh3+
{[%clk 0:07:11]} 26. Kh1 {[%clk 0:00:48]} Nxf2+ {[%clk 0:07:17]} 27. Rxf2
{[%clk 0:00:38]} Qxc1+ {[%clk 0:07:33]} 0-1

[Event "World Chess Olympiad 2018"]
[Site "Batumi"]
[Date "2018.10.04"]
[Round "10"]
[Board "1"]
[WhiteFideId "15701190"]
[White "Kibrom Weldegebriel Beraki"]
[BlackFideId "19800029"]
[Black "Traore Bakary"]
[Result "0-1"]
[LiveChessVersion "1.4.8"]
[BlackElo "2169"]
[WhiteElo "1723"]

1. d4 {[%clk 1:30:54]} Nf6 {[%clk 1:30:51]} 2. c4 {[%clk 1:31:16]} g6
{[%clk 1:31:17]} 3. Nc3 {[%clk 1:31:39]} Bg7 {[%clk 1:31:40]} 4. e4
{[%clk 1:31:38]} d6 {[%clk 1:32:01]} 5. Nf3 {[%clk 1:31:52]} O-O {[%clk 1:32:20]}
6. Be2 {[%clk 1:32:16]} e5 {[%clk 1:32:39]} 7. d5 {[%clk 1:31:49]} Nbd7
{[%clk 1:32:43]} 8. Bg5 {[%clk 1:30:43]} a5 {[%clk 1:32:08]} 9. Qc1
{[%clk 1:24:44]} Nc5 {[%clk 1:31:28]} 10. O-O {[%clk 1:24:36]} Qd7
{[%clk 1:31:06]} 11. Nd2 {[%clk 1:22:23]} h6 {[%clk 1:30:55]} 12. Be3
{[%clk 1:22:12]} b6 {[%clk 1:30:44]} 13. f3 {[%clk 1:20:12]} Kh7 {[%clk 1:29:46]}
14. a3 {[%clk 1:19:41]} a4 {[%clk 1:29:46]} 15. Qc2 {[%clk 1:17:56]} Nh5
{[%clk 1:29:52]} 16. Rfd1 {[%clk 1:17:03]} Bf6 {[%clk 1:29:09]} 17. Nb5
{[%clk 1:12:57]} Bg5 {[%clk 1:28:37]} 18. Nf1 {[%clk 1:09:37]} Bxe3+
{[%clk 1:24:55]} 19. Nxe3 {[%clk 1:10:01]} Qd8 {[%clk 1:25:01]} 20. Bf1
{[%clk 1:08:11]} Bd7 {[%clk 1:25:07]} 21. Re1 {[%clk 1:07:16]} Kg7
{[%clk 1:22:25]} 22. Rad1 {[%clk 1:06:36]} f5 {[%clk 1:21:33]} 23. exf5
{[%clk 1:03:29]} gxf5 {[%clk 1:19:48]} 24. Qc3 {[%clk 1:03:04]} f4
{[%clk 1:15:18]} 25. Nc2 {[%clk 1:02:45]} Kh8 {[%clk 1:13:12]} 26. Nb4
{[%clk 1:02:18]} Bxb5 {[%clk 1:13:06]} 27. cxb5 {[%clk 1:02:33]} Rf7
{[%clk 1:11:43]} 28. Nc6 {[%clk 1:00:56]} Qf6 {[%clk 1:09:12]} 29. Rd2
{[%clk 0:58:19]} Re8 {[%clk 1:06:34]} 30. Rde2 {[%clk 0:55:58]} Ng7
{[%clk 1:05:57]} 31. Nd4 {[%clk 0:52:26]} Rg8 {[%clk 1:04:51]} 32. Nc2
{[%clk 0:50:06]} Nf5 {[%clk 1:04:52]} 33. Rf2 {[%clk 0:50:06]} Rfg7
{[%clk 1:02:56]} 34. Qd2 {[%clk 0:47:54]} Qh4 {[%clk 0:59:30]} 35. Bd3
{[%clk 0:38:58]} Nxd3 {[%clk 0:56:37]} 36. Qxd3 {[%clk 0:39:27]} Rg5
{[%clk 0:55:24]} 37. Kf1 {[%clk 0:29:23]} Qxh2 {[%clk 0:55:24]} 38. Ke2
{[%clk 0:29:22]} Rxg2 39. Rxg2 {[%clk 0:28:31]} Rxg2+ {[%clk 0:53:11]} 40. Kd1
{[%clk 0:58:46]} Rxc2 {[%clk 1:19:13]} 41. Qxc2 {[%clk 0:58:01]} Ne3+
{[%clk 1:19:33]} 42. Rxe3 {[%clk 0:58:25]} Qxc2+ {[%clk 1:19:34]} 43. Kxc2
{[%clk 0:58:53]} fxe3 {[%clk 1:20:01]} 44. Kd3 {[%clk 0:58:59]} Kg7
{[%clk 1:20:19]} 45. Kxe3 {[%clk 0:59:23]} Kf6 {[%clk 1:20:29]} 46. Kf2
{[%clk 0:58:23]} Kf5 {[%clk 1:20:27]} 47. Kg3 {[%clk 0:58:50]} Kg5
{[%clk 1:20:44]} 0-1

[Event "World Chess Olympiad 2018"]
[Site "Batumi"]
[Date "2018.10.04"]
[Round "10"]
[Board "1"]
[WhiteFideId "10500103"]
[White "Pg Mohd Omar Ak Hira"]
[BlackFideId "19600054"]
[Black "Hemam Moulaye Brahim"]
[Result "1-0"]
[LiveChessVersion "1.4.8"]
[BlackElo "2018"]
[WhiteElo "2175"]

1. e4 {[%clk 1:30:26]} c5 {[%clk 1:30:35]} 2. Nf3 {[%clk 1:30:17]} Nc6
{[%clk 1:30:40]} 3. d4 {[%clk 1:30:30]} cxd4 {[%clk 1:31:02]} 4. Nxd4
{[%clk 1:30:54]} Nf6 {[%clk 1:31:19]} 5. Nc3 {[%clk 1:31:15]} e5 {[%clk 1:31:20]}
6. Ndb5 {[%clk 1:20:32]} d6 {[%clk 1:31:30]} 7. Bg5 {[%clk 1:19:15]} a6
{[%clk 1:31:32]} 8. Na3 {[%clk 1:19:08]} b5 {[%clk 1:31:30]} 9. Nd5
{[%clk 1:13:29]} Be7 {[%clk 1:31:41]} 10. Nxe7 {[%clk 1:12:14]} Nxe7
{[%clk 1:31:58]} 11. Bd3 {[%clk 1:04:17]} d5 {[%clk 1:29:14]} 12. exd5
{[%clk 0:54:48]} Qxd5 {[%clk 1:27:24]} 13. f3 {[%clk 0:54:33]} e4
{[%clk 1:08:43]} 14. Bxf6 {[%clk 0:50:03]} exd3 {[%clk 1:08:20]} 15. Bxe7
{[%clk 0:49:46]} Qe5+ {[%clk 1:02:06]} 16. Kf2 {[%clk 0:43:56]} Qd4+
{[%clk 1:01:16]} 17. Kg3 {[%clk 0:42:52]} Kxe7 {[%clk 1:00:59]} 18. Qxd3
{[%clk 0:40:59]} Qxb2 {[%clk 0:59:08]} 19. Qe3+ {[%clk 0:33:29]} Be6
{[%clk 0:58:03]} 20. Rhb1 {[%clk 0:19:54]} Qf6 {[%clk 0:51:00]} 21. Qc5+
{[%clk 0:20:02]} Kd8 {[%clk 0:51:26]} 22. Rd1+ {[%clk 0:14:43]} Bd7
{[%clk 0:47:56]} 23. Rxd7+ {[%clk 0:14:29]} Kxd7 {[%clk 0:48:24]} 24. Rd1+
{[%clk 0:14:46]} Ke8 {[%clk 0:48:31]} 25. Re1+ {[%clk 0:13:53]} Kd7
{[%clk 0:47:20]} 26. Rd1+ {[%clk 0:14:16]} Ke8 {[%clk 0:47:47]} 27. Re1+
{[%clk 0:14:35]} Kd7 {[%clk 0:48:15]} 28. Rd1+ {[%clk 0:14:55]} Ke8
{[%clk 0:48:41]} 29. Rd6 {[%clk 0:14:44]} Qb2 {[%clk 0:43:30]} 30. Qc6+
{[%clk 0:14:05]} Kf8 {[%clk 0:43:58]} 31. Qxa8+ {[%clk 0:12:32]} Ke7
{[%clk 0:44:26]} 32. Qd5 {[%clk 0:12:09]} Rf8 {[%clk 0:40:44]} 33. Rxa6
{[%clk 0:10:00]} Qb4 {[%clk 0:40:11]} 34. Qb7+ {[%clk 0:10:06]} 1-0

[Event "World Chess Olympiad 2018"]
[Site "Batumi"]
[Date "2018.10.04"]
[Round "10"]
[Board "2"]
[WhiteFideId "19600151"]
[White "Cheikhna Mohamed Lemine"]
[BlackFideId "10500499"]
[Black "Pg Md Omar Ak Hafizon"]
[Result "0-1"]
[LiveChessVersion "1.4.8"]
[BlackElo "2125"]
[WhiteElo "1950"]

1. d4 {[%clk 1:30:52]} Nf6 {[%clk 1:30:59]} 2. Nf3 {[%clk 1:31:10]} g6
{[%clk 1:31:25]} 3. Bf4 {[%clk 1:31:30]} Bg7 {[%clk 1:31:50]} 4. e3
{[%clk 1:31:43]} O-O {[%clk 1:32:09]} 5. h3 {[%clk 1:32:06]} c5 {[%clk 1:32:22]}
6. c3 {[%clk 1:30:17]} d6 {[%clk 1:32:47]} 7. Nbd2 {[%clk 1:29:19]} Nc6
{[%clk 1:33:04]} 8. Be2 {[%clk 1:28:53]} Re8 {[%clk 1:33:18]} 9. Nb3
{[%clk 1:21:52]} cxd4 {[%clk 1:23:06]} 10. cxd4 {[%clk 1:21:55]} Bd7
{[%clk 1:23:27]} 11. O-O {[%clk 1:21:47]} Qb6 {[%clk 1:20:20]} 12. Nfd2
{[%clk 1:12:34]} Be6 {[%clk 1:10:24]} 13. Bc4 {[%clk 1:06:20]} d5
{[%clk 1:03:58]} 14. Bd3 {[%clk 1:05:13]} Nb4 {[%clk 1:03:21]} 15. Bb1
{[%clk 1:05:20]} Nd7 {[%clk 1:01:15]} 16. a3 {[%clk 1:04:30]} Nc6
{[%clk 1:00:53]} 17. Bd3 {[%clk 1:01:11]} f6 {[%clk 0:59:03]} 18. Rc1
{[%clk 0:53:03]} Rac8 {[%clk 0:58:35]} 19. Qe2 {[%clk 0:52:24]} Bf7
{[%clk 0:58:35]} 20. Nc5 {[%clk 0:35:21]} Nxc5 {[%clk 0:58:51]} 21. Rxc5
{[%clk 0:35:27]} a6 {[%clk 0:58:37]} 22. b4 {[%clk 0:31:53]} e5 {[%clk 0:55:46]}
23. dxe5 {[%clk 0:29:43]} fxe5 {[%clk 0:56:10]} 24. Bg5 {[%clk 0:28:57]} e4
{[%clk 0:51:55]} 25. Bb1 {[%clk 0:26:09]} a5 {[%clk 0:52:17]} 26. Qb5
{[%clk 0:19:34]} Qxb5 {[%clk 0:51:10]} 27. Rxb5 {[%clk 0:19:53]} axb4
{[%clk 0:47:46]} 28. axb4 {[%clk 0:20:11]} Bc3 {[%clk 0:45:42]} 29. Rd1
{[%clk 0:19:18]} Nxb4 {[%clk 0:37:38]} 30. Nb3 {[%clk 0:08:45]} Nc6
{[%clk 0:34:22]} 31. Rxb7 {[%clk 0:08:03]} Rb8 {[%clk 0:32:17]} 32. Rxb8
{[%clk 0:03:09]} Rxb8 {[%clk 0:32:46]} 33. Nd2 {[%clk 0:02:09]} Bxd2
{[%clk 0:33:07]} 34. Rxd2 {[%clk 0:01:32]} Rxb1+ {[%clk 0:33:32]} 35. Kh2
{[%clk 0:01:49]} Kg7 {[%clk 0:33:54]} 0-1

[Event "World Chess Olympiad 2018"]
[Site "Batumi"]
[Date "2018.10.04"]
[Round "10"]
[Board "3"]
[WhiteFideId "10500219"]
[White "Yussof Pg Abd Rahman"]
[BlackFideId "19600160"]
[Black "Yahi Mohamed Salem"]
[Result "1/2-1/2"]
[LiveChessVersion "1.4.8"]
[BlackElo "1926"]
[WhiteElo "1854"]

1. e4 {[%clk 1:26:36]} d6 {[%clk 1:30:50]} 2. d4 {[%clk 1:24:45]} Nf6
{[%clk 1:31:14]} 3. Nc3 {[%clk 1:24:42]} g6 {[%clk 1:31:33]} 4. f4
{[%clk 1:21:37]} Bg7 {[%clk 1:31:54]} 5. Nf3 {[%clk 1:20:27]} Bg4
{[%clk 1:31:16]} 6. Be3 {[%clk 1:17:44]} c6 {[%clk 1:31:04]} 7. Be2
{[%clk 1:17:15]} O-O {[%clk 1:30:28]} 8. O-O {[%clk 1:17:33]} Nbd7
{[%clk 1:28:17]} 9. Qd2 {[%clk 1:16:23]} Bxf3 {[%clk 1:26:33]} 10. Rxf3
{[%clk 1:15:49]} Ng4 {[%clk 1:26:46]} 11. Nd1 {[%clk 1:10:38]} Nxe3
{[%clk 1:26:19]} 12. Nxe3 {[%clk 1:10:38]} Qb6 {[%clk 1:26:31]} 13. c3
{[%clk 1:10:27]} Rad8 {[%clk 1:26:02]} 14. Kh1 {[%clk 1:09:00]} e5
{[%clk 1:25:50]} 15. Nc4 {[%clk 1:08:01]} Qc7 {[%clk 1:25:53]} 16. f5
{[%clk 1:05:12]} Nf6 {[%clk 1:25:44]} 17. fxg6 {[%clk 1:00:10]} fxg6
{[%clk 1:25:17]} 18. Qe3 {[%clk 0:49:55]} exd4 {[%clk 1:20:41]} 19. cxd4
{[%clk 0:49:16]} Rfe8 {[%clk 1:19:49]} 20. e5 {[%clk 0:47:02]} dxe5
{[%clk 1:19:41]} 21. Nxe5 {[%clk 0:46:35]} Nd5 {[%clk 1:18:30]} 22. Bc4
{[%clk 0:38:09]} Bxe5 {[%clk 1:16:03]} 23. dxe5 {[%clk 0:37:18]} Rxe5
{[%clk 1:14:31]} 24. Qf4 {[%clk 0:30:50]} Qe7 {[%clk 1:13:48]} 25. Raf1
{[%clk 0:23:51]} Rf5 {[%clk 1:10:49]} 26. Qg3 {[%clk 0:20:14]} Rxf3
{[%clk 1:07:22]} 27. Qxf3 {[%clk 0:18:07]} b5 {[%clk 1:03:09]} 28. Bb3
{[%clk 0:18:01]} Kg7 {[%clk 1:01:48]} 29. Qd3 {[%clk 0:13:47]} Qe5
{[%clk 1:01:19]} 30. Qf3 {[%clk 0:12:30]} Qe7 {[%clk 1:00:11]} 31. Qd3
{[%clk 0:10:24]} Nf6 {[%clk 0:59:51]} 32. Qc3 {[%clk 0:10:14]} c5
{[%clk 0:58:35]} 33. Re1 {[%clk 0:08:34]} Qd6 {[%clk 0:58:52]} 34. h3
{[%clk 0:07:49]} c4 {[%clk 0:58:50]} 35. Rd1 {[%clk 0:07:02]} Qb6
{[%clk 0:57:56]} 36. Qe5 {[%clk 0:05:10]} Rxd1+ {[%clk 0:55:46]} 37. Bxd1
{[%clk 0:05:25]} Qd8 {[%clk 0:55:41]} 38. Bf3 {[%clk 0:05:47]} Qd7
{[%clk 0:54:01]} 39. g4 {[%clk 0:02:48]} Kf7 {[%clk 0:52:41]} 40. Kg2
{[%clk 0:32:31]} h6 {[%clk 1:20:33]} 41. h4 {[%clk 0:29:37]} g5 {[%clk 1:19:25]}
42. Kg3 {[%clk 0:23:14]} gxh4+ {[%clk 1:19:02]} 43. Kxh4 {[%clk 0:22:48]} Qe7
{[%clk 1:18:28]} 44. Qf5 {[%clk 0:20:57]} Qe1+ {[%clk 1:17:36]} 45. Kh3
{[%clk 0:20:09]} Qf1+ {[%clk 1:17:37]} 46. Kg3 {[%clk 0:20:09]} Qg1+
{[%clk 1:16:36]} 47. Kf4 {[%clk 0:19:02]} Qh2+ {[%clk 1:15:56]} 48. Ke3
{[%clk 0:19:03]} Qxb2 {[%clk 1:15:59]} 49. Kf4 {[%clk 0:15:17]} Qh2+
{[%clk 1:15:09]} 50. Ke3 {[%clk 0:15:20]} a6 {[%clk 1:14:01]} 51. Kd4
{[%clk 0:12:06]} Qf2+ {[%clk 1:13:20]} 52. Kc3 {[%clk 0:11:37]} Qxa2
{[%clk 1:13:24]} 53. g5 {[%clk 0:07:27]} Qb3+ {[%clk 1:12:42]} 54. Kd4
{[%clk 0:07:54]} Qb2+ {[%clk 1:04:39]} 55. Kc5 {[%clk 0:07:52]} hxg5
{[%clk 1:04:24]} 56. Bd5+ {[%clk 0:07:31]} Kf8 {[%clk 1:00:06]} 57. Qc8+
{[%clk 0:07:38]} Ne8 {[%clk 0:58:22]} 58. Bc6 {[%clk 0:05:13]} Qa3+
{[%clk 0:54:43]} 59. Kb6 {[%clk 0:05:29]} Qe7 {[%clk 0:54:47]} 60. Kxa6
{[%clk 0:04:26]} b4 {[%clk 0:54:21]} 61. Qf5+ {[%clk 0:03:26]} Kg7
{[%clk 0:49:26]} 62. Ka5 {[%clk 0:01:17]} Qc7+ {[%clk 0:48:02]} 63. Kxb4
{[%clk 0:01:09]} Qb6+ {[%clk 0:47:21]} 64. Bb5 {[%clk 0:00:50]} Qd6+
{[%clk 0:45:39]} 65. Kxc4 {[%clk 0:00:45]} Qf4+ {[%clk 0:45:47]} 66. Qxf4
{[%clk 0:00:59]} gxf4 1/2-1/2